| 000 | 00346nam a22001457a 4500 | ||
|---|---|---|---|
| 003 | OSt | ||
| 005 | 20220222084201.0 | ||
| 008 | 220222b |||||||| |||| 00| 0 eng d | ||
| 020 | _a8174091149 | ||
| 040 | _cH U | ||
| 082 | _a681.76 | ||
| 100 |
_aDeodhar S. v. _930176 |
||
| 245 | _aConstruction Equipment And Job Planning | ||
| 942 |
_2ddc _cBOOKS _n0 |
||
| 999 |
_c31124 _d31124 |
||